Microcontrollers : (Record no. 6872)
[ view plain ]
| 000 -LEADER | |
|---|---|
| fixed length control field | 00621nam a22002052 4500 |
| 001 - CONTROL NUMBER | |
| control field | 0000005151 |
| 005 - DATE AND TIME OF LATEST TRANSACTION | |
| control field | 20151217151954.0 |
| 008 - FIXED-LENGTH DATA ELEMENTS--GENERAL INFORMATION | |
| fixed length control field | 070607s xx 000 0 eng d |
| 020 ## - INTERNATIONAL STANDARD BOOK NUMBER | |
| International Standard Book Number | 8129707144 : |
| Terms of availability | KES 1,800 |
| 040 ## - CATALOGING SOURCE | |
| Original cataloging agency | KABU |
| Transcribing agency | KABU |
| 050 #0 - LIBRARY OF CONGRESS CALL NUMBER | |
| Classification number | TJ223 |
| Item number | .P76K36 |
| 100 1# - MAIN ENTRY--PERSONAL NAME | |
| Personal name | Kamal, Raj. |
| -- | 0000154006 |
| 245 10 - TITLE STATEMENT | |
| Title | Microcontrollers : |
| Remainder of title | architecture, programming, interfacing and system design. |
| 260 ## - PUBLICATION, DISTRIBUTION, ETC. (IMPRINT) | |
| Place of publication, distribution, etc. | Delhi : |
| Name of publisher, distributor, etc. | Pearson Educ., |
| Date of publication, distribution, etc. | 2005. |
| 300 ## - PHYSICAL DESCRIPTION | |
| Extent | xvi, 624 p. |
| 650 #0 - SUBJECT ADDED ENTRY--TOPICAL TERM | |
| Topical term or geographic name as entry element | Programmable controllers. |
| -- | 0000156285 |
| 908 ## - PUT COMMAND PARAMETER (RLIN) | |
| Put command parameter | 070607 |
| 950 ## - LOCAL HOLDINGS (RLIN) | |
| -- | 1 |
| Withdrawn status | Lost status | Source of classification or shelving scheme | Not for loan | Home library | Current library | Date acquired | Total Checkouts | Total Renewals | Full call number | Barcode | Date last seen | Date last checked out | Price effective from | Koha item type |
|---|---|---|---|---|---|---|---|---|---|---|---|---|---|---|
| Library of Congress Classification | Kabarak, Main Campus | Kabarak, Main Campus | 17/12/2015 | 3 | 1 | TJ223 .P76K36 | 009458 | 19/02/2019 | 15/02/2019 | 17/12/2015 | General Collection |